Music Quiz

Random Music Quiz

Songs Played on DMB Live Trax Releases Quiz Stats

 Plays Quiz not verified by Sporcle

Challenge
Share
Tweet
Score 0/141 Timer 13:00
0 Plays Today
% Correct
Sweet
96.2%
#41
94.7%
Ants Marching
94.2%
Prelude to Grace
93.5%
Too Much
91.8%
Don't Drink the Water
91.2%
Rapunzel
91%
Warehouse
90.9%
So Much To Say
90.3%
Two Step
90.3%
Crash Into Me
90.3%
Everyday
88.9%
Tripping Billies
88.6%
All Along the Watchtower
88.6%
Bartender
88.2%
Pantala Naga Pampa
87.7%
Dancing Nancies
87.7%
Stay (Wasting Time)
87.6%
The Last Stop
87.3%
Jimi Thing
86.8%
Crush
86.8%
Halloween
86.8%
Satellite
85.7%
Seek Up
85%
Grey Street
83.9%
Proudest Monkey
83.6%
The Best of What's Around
83.3%
Pig
82.7%
The Stone
82.1%
What Would You Say
81.6%
Spoon
81.3%
#36
80.9%
#40
80.4%
Anyone Seen the Bridge?
79.4%
Lie In Our Graves
78.9%
Recently
78%
The Dreaming Tree
77.5%
Angel
77.4%
Drive In Drive Out
77.4%
American Baby
76.5%
Busted Stuff
76.3%
Say Goodbye
76.2%
Big Eyed Fish
76.1%
Sugar Will
76%
Belly Belly Nice
75.9%
One Sweet World
75.6%
Typical Situation
75.4%
% Correct
Raven
75.1%
I'll Back You Up
75%
#27
74.4%
Rhyme & Reason
74.1%
Hello Again
73.6%
Minarets
73.4%
JTR
73.1%
Where Are You Going
72.8%
Pay For What You Get
72.7%
Spaceman
72.5%
Oh
72.3%
Grace Is Gone
71.3%
Why I Am
71.2%
American Baby Intro
70.9%
Crazy Easy
70.9%
The Idea of You
70.6%
Granny
70.3%
Lover Lay Down
70.1%
The Song That Jane Likes
70.1%
Gaucho
69.9%
Joyride
69.8%
Shake Me Like a Monkey
68.9%
Seven
68.7%
Rooftop
68.7%
Captain
68.5%
What You Are
68.3%
Kit Kat Jam
68.1%
Linus and Lucy
67.7%
The Space Between
67.1%
Corn Bread
66.3%
You Might Die Trying
65.9%
Cry Freedom
65.4%
Squirm
65.2%
Louisiana Bayou
65.1%
You & Me
64.8%
When the World Ends
64.6%
Christmas Song
64.6%
Sleep To Dream Her
64.5%
Sweet Up and Down
63.6%
Dreamgirl
63.3%
So Damn Lucky
62.8%
Hunger For the Great Light
62.7%
Sweet Caroline
62.7%
Break Free
62.5%
Time Bomb
62.3%
If Only
62.3%
The Maker
62.2%
% Correct
Lying In the Hands of God
62.1%
Let You Down
61.1%
Gravedigger
60.1%
Save Me
59%
Sledgehammer
59%
Some Devil
58%
Blue Water
57.8%
Can't Stop
57.5%
Smooth Rider
56.8%
Mother Father
56.5%
Sister
56.1%
Burning Down the House
55.8%
Old Dirt Hill (Bring That Beat Back)
55.2%
Digging a Ditch
55.1%
Thank You (Falettinme Be Mice Elf Agin)
54.3%
Stay or Leave
53.9%
Steady As We Go
53.1%
Money
52.4%
Super Freak
52%
Heartbeat Intro
51.9%
Loving Wings
50.8%
Little Thing
50.2%
Eh Hee
50.1%
Stolen Away on 55th & 3rd
49.9%
Water Into Wine
49%
Help Myself
48.7%
Out of My Hands
48.7%
Blackjack
46.4%
Down By the River
45.8%
Hey Hey, My My (Into the Black)
45.5%
Exodus
45.2%
For the Beauty of Wynona
44.9%
True Reflections
43.9%
Angel From Montgomery
43.2%
Kill the Preacher
41%
Leave Me Praying
40.7%
Tangerine
39.9%
Deed Is Done
39.6%
Waste
38.7%
Still Water
38.2%
Don't Burn the Pig
37.5%
Time of the Season
35.8%
Hold Me Down
35.1%
Stream
34.5%
Dreamed I Killed God
26.6%
Is Chicago, Is Not Chicago
26.4%
Letting Go
16.8%

You're not logged in!

Compare scores with friends on all Sporcle quizzes.
OR
Log In

You Might Also Like...

Show Comments

Extras

Top Quizzes Today


Score Distribution

Your Account Isn't Verified!

In order to create a playlist on Sporcle, you need to verify the email address you used during registration. Go to your Sporcle Settings to finish the process.

Report this User

Report this user for behavior that violates our Community Guidelines.

Details: